00349 2200157 4500245004000000020001800040250001100058100001300069650001600082005001900098260002800117041001400145084000800159300001500167336000900182 aLho .... kok Kamu ?cKinoysanhText a979-759-182-4 aCet. 1 aKinoysan aNovel Fiksi a20230110071349 aJakartabGrasindoc2005 aIndonesia a813 a137 hlm. : atext